000
00516nam a2200145Ia 4500
008
151213s9999 xx 000 0 und d
100
_a
আজিজুল হক।
245
_a
অস্তিত্ত্বের চেতনায়ও আমাদের কবিতা
_c
আজিজুল হক।
260
_a
ঢাকা
_b
বাংলা একাডেমী।
_c
1985
300
_a
8765 p.
650
_a
Bangla
650
_a
কবিতা
700
_a
আজিজুল হক।
999
_c
4550
_d
4550